000 00827nam a2200265 i 4500
003 DO-SdBNP
005 20250827075148.0
007 ta
008 250827b2025 dr ||||| |||| 00| 0 spa d
020 _a9789945946512
040 _aDO-SdBNP
_bspa
_cBNPHU
_erda
041 _aspa
082 4 _axxx
_bxxx
_222
100 _aArias M., José Manuel,
_d1976-
_983359
245 1 0 _aPuntos de vista /
_cJosé Manuel Arias M. ; prólogo, Rodolfo Valentín Santos
264 1 _aSanto Domingo :
_beditor no identificado,
_c2025.
300 _a374 páginas ;
_c26 cm.
336 _atexto
_btxt
_2rdacontent
337 _asin mediación
_bn
_2rdamedia
338 _avolumen
_bnc
_2rdacarrier
590 _aInventariado, 2025/BT
700 _aValentín Santos, Rodolfo,
_eprologuista
_4pr.
_988535
910 _aBtavárez
942 _2ddc
_cLBS1
999 _c59824
_d59824